000 01027cab a2200277 4500
001 WB2436-30
008 090401t1988 xxu||||| |||| 00| 0 eng d
035 _a(Sirsi) u18016
041 _aeng
245 _aRepair obligations
260 _c1988
350 _a0
490 _aEstates Gazette
_vno 8835, 3/9/88 p91
520 _aDiscusses the question of implied obligation to repair, referring to the provisions of the Landlord and Tenant Act 1985 and relevant caselaw throughout including the decision in "Barrett v Lounova", CA 22 June 1988.
650 _aBARRETT V LOUNOVA
650 _aBUSINESS TENANCIES
650 _aDUKE OF WESTMINSTER V GUILD
650 _aEDMONTON CORPORATION V W M KNOWLES AND SON LTD
650 _aLIVERPOOL CITY COUNCIL V IRWIN
650 _aREPAIRING COVENANTS
650 _aPROPERTY-RESIDENTIAL PROPERTY-RESIDENTIAL LANDLORD AND TENANT-RESIDENTIAL TENANCIES
650 _aSLEAFER V LAMBETH LBC
690 _aLANDLORD AND TENANT-CASE LAW
942 _n0
948 _c04/03/1997
999 _c11947
_d11947